Online
Catalog

O tronco do ipê : (Record no. 17082)

MARC details
000 -CABECERA
campo de control de longitud fija 01134cam a2200277 a 4500
001 - NÚMERO DE CONTROL
campo de control 000017557
005 - FECHA Y HORA DE LA ÚLTIMA TRANSACCIÓN
campo de control 20240529124642.0
008 - DATOS DE LONGITUD FIJA--INFORMACIÓN GENERAL
campo de control de longitud fija 760512r19731973bl 000 1 por d
040 ## - FUENTE DE LA CATALOGACIÓN
Centro catalogador/agencia de origen DO-SdBNP
Lengua de catalogación por
Centro/agencia transcriptor LC
Centro/agencia modificador BNPHU
082 ## - NÚMERO DE LA CLASIFICACIÓN DECIMAL DEWEY
Número de clasificación 869.3
Número de documento/Ítem A368ó
049 ## - FONDOS LOCALES (OCLC)
Fondos de biblioteca BNGR
100 1# - ENTRADA PRINCIPAL--NOMBRE DE PERSONA
Nombre de persona Alencar, José Martiniano de,
Fechas asociadas al nombre 1829-1877.
9 (RLIN) 21973
245 12 - MENCIÓN DE TÍTULO
Título O tronco do ipê :
Resto del título romance brasileiro /
Mención de responsabilidad, etc. Senio (José de Alencar) ; determinación del texto, introducción, notas e índices, la preparación de documentos y la revisión Maximiano de Carvalho e Silva ; colaboración Aluisio Costa Goncalves, Noêmia Leite Costa y Marlene Mendes Veloso.
250 ## - MENCIÓN DE EDICIÓN
Mención de edición 15a ed.
260 ## - PUBLICACIÓN, DISTRIBUCIÓN, ETC.
Lugar de publicación, distribución, etc. [Sao Paulo], (Brasil) :
Nombre del editor, distribuidor, etc. Melhoramentos,
Fecha de publicación, distribución, etc. [1973].
300 ## - DESCRIPCIÓN FÍSICA
Extensión 289 p. ;
Dimensiones 20 cm.
490 1# - MENCIÓN DE SERIE
Mención de serie Panorama
650 #0 - PUNTO DE ACCESO ADICIONAL DE MATERIA--TÉRMINO DE MATERIA
Término de materia o nombre geográfico como elemento de entrada Novela brasileña
9 (RLIN) 13650
650 #4 - PUNTO DE ACCESO ADICIONAL DE MATERIA--TÉRMINO DE MATERIA
Término de materia o nombre geográfico como elemento de entrada Literatura brasileña
9 (RLIN) 823
700 1# - PUNTO DE ACCESO ADICIONAL--NOMBRE DE PERSONA
Nombre de persona Carvalho e Silva, Maximiniano de,
Término indicativo de función/relación intr.
9 (RLIN) 38304
700 1# - PUNTO DE ACCESO ADICIONAL--NOMBRE DE PERSONA
Nombre de persona Costa Golçalves, Aluisio.
9 (RLIN) 38305
700 1# - PUNTO DE ACCESO ADICIONAL--NOMBRE DE PERSONA
Nombre de persona Leite Costa, Noêmia.
9 (RLIN) 38306
700 1# - PUNTO DE ACCESO ADICIONAL--NOMBRE DE PERSONA
Nombre de persona Mendes Veloso, Marlene.
9 (RLIN) 38307
830 #0 - PUNTO DE ACCESO ADICIONAL DE SERIE-TÍTULO UNIFORME
Título uniforme Panorama
9 (RLIN) 20255
910 ## - DATOS DE OPCIÓN DEL USUARIO (OCLC)
Datos de opción del usuario Catalogación derivada / LC
Holdings
Estado de retiro Estado de pérdida Restricciones de uso No para préstamo Código de colección Localización permanente Ubicación/localización actual Ubicación en estantería Fecha de adquisición Número de inventario Total de préstamos Signatura topográfica completa Código de barras Fecha visto por última vez Precio válido a partir de Tipo de ítem Koha
        Monografías: Libros y Folletos General General En catalogación 26.03.2010 LF1   869.3 A368ó 17557-10 25.06.2020 25.06.2020 Préstamo en sala

Powered by Koha